00968cam a22002775a 4500999001500000001000600015003000900021005001700030008004100047020001500088040002800103082002000131100001600151245009700167260004700264300004600311490003000357500002000387630002200407650003600429650003800465650002900503700002800532942001200560952011800572 c7483d748321270BD-DhUAP20210123123956.0210123s20001999ii a 001 0 eng d a8173661944 aMIAdMIAcBD-DhUAPbeng 223a005.133 MYE1 aMyers, Tom.10aProfessional Java XML programming with servlets and JSP /cTom Myers, Alexander Nakhimovsky. aNew Delhi :bSPD,cc1999 [Reprinted 2000]. axxi, 772 pages :billustrations ;c24 cm. aProgrammer to programmer. aIncludes index.00aJavaServer Pages. 0aXML (Document markup language). 0aJava (Computer program language). 0aClient/server computing.1 aNakhimovsky, Alexander. 2ddccBK 00102ddc4070aUAPCLbUAPCLcGeneral Stacksd2021-01-23o005.133 MYEp3010021270r2021-01-23t1w2021-01-23yBK